Central Library OPAC University of Rajshahi

The breakdown of nations / (Record no. 35823)

MARC details
000 -LEADER
fixed length control field 00781nam a2200265 i 4500
001 - CONTROL NUMBER
control field 35823
003 - CONTROL NUMBER IDENTIFIER
rucl marc code BD-RjUL
005 - DATE AND TIME OF LATEST TRANSACTION
control field 20211209052403.0
008 - FIXED-LENGTH DATA ELEMENTS--GENERAL INFORMATION
fixed length control field 140610s1957 nyub b 001 0 eng d
035 ## - SYSTEM CONTROL NUMBER
System control number (BD-RjUL)35918
040 ## - CATALOGING SOURCE
Original cataloging agency DLC
Transcribing agency DLC
Modifying agency DLC
-- BD-RjUL
Language of cataloging eng
041 ## - LANGUAGE CODE
Language code of text/sound track or separate title eng
082 00 - DEWEY DECIMAL CLASSIFICATION NUMBER
Classification number 320.15
Edition number 19
Author mark and year KOB 1957
100 1# - MAIN ENTRY--PERSONAL NAME
Personal name Kohr, Leopold,
Dates associated with a name 1909-1994.
9 (RLIN) 109111
245 14 - TITLE STATEMENT
Title The breakdown of nations /
Statement of responsibility, etc. Leopold Kohr
260 ## - PUBLICATION, DISTRIBUTION, ETC. (IMPRINT)
Place of publication, distribution, etc. London :
Name of publisher, distributor, etc. Routledge & Kegan Paul,
Date of publication, distribution, etc. c1957.
300 ## - PHYSICAL DESCRIPTION
Pagination xxi, 244 p. :
Illustrations ill;
Size 22 cm.
504 ## - BIBLIOGRAPHY, ETC. NOTE
Bibliography, etc Bibliography: p. 242-244.and index.
650 #0 - SUBJECT ADDED ENTRY--TOPICAL TERM
Topical term or geographic name as entry element States, Small.
9 (RLIN) 12391
Topical term or geographic name as entry element States, Size of.
9 (RLIN) 109112
Topical term or geographic name as entry element Economic development.
9 (RLIN) 109113
942 ## - ADDED ENTRY ELEMENTS (KOHA)
Source of classification or shelving scheme Dewey Decimal Classification
Koha item type Books
Holdings
Lost status Source of classification or shelving scheme Damaged status Not for loan Collection code Permanent Location Current Location Shelving location Date acquired Source of acquisition Cost, normal purchase price Total Checkouts Full call number Date last seen Copy number Koha item type
  Dewey Decimal Classification     Non-fiction Central Library, University of Rajshahi Central Library, University of Rajshahi   11/07/1968 sweets & zettinger 30.00   320.15 KOB 1957 10/06/2014 C-2 Books
  Dewey Decimal Classification     Non-fiction Central Library, University of Rajshahi Central Library, University of Rajshahi   11/07/1968 sweets & zettinger 30.00   320.15 KOB 1957 10/06/2014 C-3 Books